000 01159cam a2200409 4500
001 J115915
008 011207n2001 000 0 eng u
035 _a(Sirsi) u115915
050 _a333.72426
110 _aRICS East of England
245 _aVisions for the region : conference report
260 _aCambridge
_bRICS East of England
_c2001
300 _a16p.
_c30cm.
520 _aProceedings of the conference held by RICS East of England, November 2001.
650 _aBEDFORDSHIRE
650 _aBUSINESS OPPORTUNITIES
650 _aCAMBRIDGESHIRE
650 _aCULTURE
650 _aCULTURAL DIVERSITY
650 _aEAST ANGLIA
650 _aEAST ENGLAND
650 _aECONOMIC STRATEGY
650 _aENVIRONMENTAL ISSUES
650 _aESSEX
650 _aHERTFORDSHIRE
650 _aInfrastructure
_96246
650 _aLINCOLNSHIRE
650 _aNORFOLK
650 _aREGIONAL STRATEGY
650 _aRICS EAST OF ENGLAND
650 _aRURAL ISSUES
650 _aSUFFOLK
650 _aURBAN ISSUES
690 _aDEVELOPMENT SUSTAINABLE
710 _aRoyal Institution of Chartered Surveyors
_94900
942 _n0
999 _c101797
_d101797